Statistics for Oakland Raider 1st Round Draft Choices 2000 to 2014

Click here to take the quiz!

General Stats

  • This quiz has been taken 186 times
  • The average score is 6 of 15

Answer Stats

Year Pick Pos Player % Correct
20145LBKhalil Mack
94%
20071QBJaMarcus Russell
84%
200017KSebastian Janikowski
68%
20084RBDarren McFadden
59%
20097WRDarrius Heyward-Bey
52%
201312DBD.J. Hayden
46%
20108LBRolando McClain
37%
20042TRobert Gallery
36%
200331DBNnamdi Asomugha
24%
20067DBMichael Huff
23%
200523DBFabian Washington
22%
200223LBNapoleon Harris
13%
200332DETyler Brayton
11%
200217DBPhillip Buchanon
11%
200128DBDerrick Gibson
8%

Score Distribution

Percentile by Number Answered

Percent of People with Each Score

Your Score History

You have not taken this quiz